Connais-tu vraiment Ariana Grande ? - Statistiques

Statistiques générales
  • Ce quiz a été pris 11 fois
  • Le résultat moyen est 2 sur 7
Statistiques - réponses
Questions Réponse % Correct
Quel est son Pokémon préféré ? Evoli
100%
Quel est son plat préféré ? sushi
43%
Quel est son endroit préféré ? Paris
29%
Quel est son chien de rêve ? Berger allemand poil long (boule de poil)
0%
Quelle est sa boisson on préfére ? Coca zéro
0%
Quelle est sa phobie ? Les fond marins
0%
Quel serait son métier de rêve si ce n’est pas chanteuse ? vétérinaire animaux sausage
0%
Aucun quiz correspondant
Distribution des résultats
% des personnes avec chaque résultat
Percentile par nombre de réponses
Votre historique - résultats
Vous n’avez pas pris ce quiz